Termomechanika : Technická termodynamika 1 /
Guardado en:
| Autor principal: | |
|---|---|
| Formato: | Libro |
| Lenguaje: | eslovaco |
| Publicado: |
Bratislava :
SVŠT v Bratislave,
1983
|
| Edición: | 2.vyd. |
| Materias: | |
| Acceso en línea: | OBSAH |
| Etiquetas: |
Sin Etiquetas, Sea el primero en etiquetar este registro!
|
MARC
| LEADER | 00000nam a22000003a 4500 | ||
|---|---|---|---|
| 001 | stu41804 | ||
| 005 | 20150617225719.3 | ||
| 008 | 940121s1983----cs------------------slo-d | ||
| 040 | |a STU |b slo | ||
| 041 | 0 | |a slo | |
| 044 | |a cs | ||
| 080 | |a 536.7(075.8) | ||
| 100 | 1 | |a Sedlák, Juraj |4 aut | |
| 245 | 1 | |a Termomechanika : |b Technická termodynamika 1 / |c [aut.]Juraj Sedlák | |
| 250 | |a 2.vyd. | ||
| 260 | |a Bratislava : |b SVŠT v Bratislave, |c 1983 | ||
| 300 | |a 314 s | ||
| 650 | 7 | |a Termomechanika |2 stusub | |
| 650 | 7 | |a termodynamika |2 stusub | |
| 856 | 4 | |a https://sweb.mtf.stuba.sk/obsahy/Termomechanika_sbirka_prikladu_04.pdf |u https://sweb.mtf.stuba.sk/obsahy/Termomechanika_sbirka_prikladu_04.pdf |3 OBSAH | |
| 996 | |b 284M048774 |c M*S-84-11 |l MMKN |s A |a 24 |w stu41804_0001 | ||
| 996 | |b 284M048778 |c M*S-84-13 |l MMKN |s A |a 24 |w stu41804_0002 | ||
| 996 | |b 284M048776 |c M*S-84-27 |l MMKN |s A |a 24 |w stu41804_0003 | ||
| 996 | |b 284M048775 |c M*S-84-35 |l MMKN |s A |a 24 |w stu41804_0004 | ||
| 996 | |b 284M048777 |c M*S-84-37 |l MMKN |s A |a 24 |w stu41804_0005 | ||
| 996 | |b MS84 43 |c M*S-84-43 |l MMKN |s A |a 24 |w stu41804_0006 | ||
| 996 | |b 284M034500 |c M*S-84-4 |l MMST |s A |a 24 |w stu41804_0007 | ||